[Event "8th RTU Open 2018"]
[Site "Riga"]
[Date "2018.08.09"]
[Round "5"]
[White "Arnold, Max"]
[Black "Martin, Julian"]
[Result "1/2-1/2"]
[WhiteElo "2260"]
[BlackElo "2392"]
[Annotator "ChessBase"]
[PlyCount "165"]
[EventDate "2018.08.06"]
[EventType "swiss"]
[EventCountry "LAT"]
[SourceTitle "playchess.com"]
[Source "ChessBase"]
[SourceQuality "1"]
[TimeControl "5400+30"]

1. e4 {[%emt 0:00:41]} c5 {[%emt 0:00:00]} 2. c3 {[%emt 0:00:07]} d6 {[%emt 0:00:00]} 3. d4 {[%emt 0:00:17]} Nf6 {[%emt 0:00:00]} 4. Bd3 {[%emt 0:00:28]} g6 {[%emt 0:00:00]} 5. Nf3 {[%emt 0:00:47]} Bg7 {[%emt 0:00:00]} 6. O-O {[%emt 0:00:54]} O-O {[%emt 0:00:09]} 7. h3 {[%emt 0:00:23]} Qc7 {[%emt 0:00:05]} 8. Re1 {[%emt 0:02:08]} Rd8 {[%emt 0:02:57]} 9. Nbd2 {[%emt 0:08:44]} b6 {[%emt 0:02:39]} 10. Nf1 {[%emt 0:02:24]} Bb7 {[%emt 0:00:19]} 11. Ng3 {[%emt 0:03:10]} Nbd7 {[%emt 0:00:54]} 12. Bg5 {[%emt 0:05:15]} h6 {[%emt 0:03:57]} 13. Be3 {[%emt 0:05:53]} Rac8 {[%emt 0:00:58]} 14. Qd2 {[%emt 0:02:38]} Kh7 {[%emt 0:00:15]} 15. d5 {[%emt 0:03:19]} c4 {[%emt 0:04:02]} 16. Bc2 {[%emt 0:00:32]} e6 {[%emt 0:04:41]} 17. dxe6 {[%emt 0:03:42]} fxe6 {[%emt 0:00:57]} 18. Qe2 {[%emt 0:02:46]} e5 {[%emt 0:10:51]} 19. h4 Nf8 {[%emt 0:23:10]} 20. h5 {[%emt 0:07:26]} g5 {[%emt 0:04:05]} 21. Nh2 Qf7 {[%emt 0:06:07]} 22. Rad1 {[%emt 0:10:58]} Ne6 {[%emt 0:01:44]} 23. Ng4 {[%emt 0:04:30]} Rc7 {[%emt 0:02:03]} 24. Nf5 {[%emt 0:04:24]} Bf8 {[%emt 0:01:03]} 25. Nxf6+ {[%emt 0:11:03]} Qxf6 {[%emt 0:02:33]} 26. Rd2 {[%emt 0:01:32]} Ng7 {[%emt 0:03:13]} 27. Ng3 {[%emt 0:01:14]} Bc8 {[%emt 0:01:14]} 28. Red1 {[%emt 0:00:39]} Be6 {[%emt 0:01:04]} 29. a4 {[%emt 0:04:35]} Qf7 {[%emt 0:00:59]} 30. Rd5 {[%emt 0:01:15]} Bxd5 {[%emt 0:05:10]} 31. exd5+ {[%emt 0:00:02]} Kh8 {[%emt 0:00:09]} 32. Bg6 {[%emt 0:02:29]} Qe7 {[%emt 0:00:28]} 33. Qf3 {[%emt 0:05:00]} Ne8 {[%emt 0:01:24]} 34. Ra1 {[%emt 0:02:56]} Bg7 35. Nf5 {[%emt 0:00:41]} Qf8 {[%emt 0:01:17]} 36. g3 {[%emt 0:00:45]} Qg8 {[%emt 0:10:18]} 37. Kg2 {[%emt 0:01:56]} Rdd7 {[%emt 0:04:12]} 38. Rd1 {[%emt 0:00:37]} Rc8 {[%emt 0:00:33]} 39. Qg4 {[%emt 0:01:22]} Nf6 {[%emt 0:00:23]} 40. Qh3 {[%emt 0:00:17]} Bf8 {[%emt 0:00:53]} 41. Kh2 {[%emt 0:00:43]} Rcc7 {[%emt 0:00:58]} 42. Qg2 {[%emt 0:01:47]} Bg7 {[%emt 0:00:28]} 43. Kh1 {[%emt 0:00:18]} Qf8 {[%emt 0:00:20]} 44. f4 {[%emt 0:00:50]} g4 {[%emt 0:02:14]} 45. fxe5 {[%emt 0:00:18]} dxe5 {[%emt 0:00:01]} 46. d6 {[%emt 0:00:16]} Rc8 {[%emt 0:00:48]} 47. Rf1 {[%emt 0:00:04]} Rxd6 {[%emt 0:01:30]} 48. Nxd6 {[%emt 0:00:36]} Qxd6 {[%emt 0:00:01]} 49. Qe2 {[%emt 0:00:53]} e4 {[%emt 0:01:04]} 50. Kh2 {[%emt 0:00:44]} Nd7 {[%emt 0:01:12]} 51. Qxg4 {[%emt 0:00:19]} Rd8 {[%emt 0:00:12]} 52. Qxe4 {[%emt 0:00:38]} Ne5 {[%emt 0:00:46]} 53. Bd4 {[%emt 0:00:18]} Nxg6 {[%emt 0:01:29]} 54. Bxg7+ {[%emt 0:00:28]} Kxg7 {[%emt 0:00:01]} 55. hxg6 {[%emt 0:00:10]} Rd7 {[%emt 0:00:12]} 56. Rf4 {[%emt 0:00:44]} h5 {[%emt 0:00:39]} 57. Qxc4 {[%emt 0:00:46]} Qxg6 {[%emt 0:00:11]} 58. Qe2 {[%emt 0:00:14]} Qg5 {[%emt 0:00:22]} 59. Qf2 {[%emt 0:00:41]} Kg6 {[%emt 0:00:37]} 60. Qc2+ {[%emt 0:00:21]} Kg7 {[%emt 0:00:33]} 61. Qf2 {[%emt 0:00:05]} Kg6 {[%emt 0:00:04]} 62. Qc2+ {[%emt 0:01:22]} Kg7 {[%emt 0:00:18]} 63. Qe2 {[%emt 0:00:34]} Re7 {[%emt 0:00:54]} 64. Re4 {[%emt 0:00:28]} Rf7 {[%emt 0:00:07]} 65. Re5 {[%emt 0:00:20]} Qf6 {[%emt 0:01:25]} 66. Rxh5 {[%emt 0:00:34]} Qf2+ {[%emt 0:00:06]} 67. Qxf2 {[%emt 0:00:04]} Rxf2+ {[%emt 0:00:00]} 68. Kh3 {[%emt 0:00:20]} Rxb2 {[%emt 0:00:02]} 69. Rd5 {[%emt 0:00:18]} Kf6 {[%emt 0:00:37]} 70. Rd7 {[%emt 0:00:16]} a6 {[%emt 0:00:15]} 71. Ra7 {[%emt 0:00:15]} a5 {[%emt 0:00:03]} 72. Rb7 {[%emt 0:00:28]} Kg5 {[%emt 0:00:18]} 73. Rb8 {[%emt 0:00:47]} Rb3 {[%emt 0:00:14]} 74. Rg8+ {[%emt 0:01:04]} Kf6 {[%emt 0:00:10]} 75. Rb8 {[%emt 0:00:07]} Kg5 {[%emt 0:00:04]} 76. Rg8+ {[%emt 0:00:53]} Kf6 {[%emt 0:00:05]} 77. Rc8 {[%emt 0:00:22]} Kg5 {[%emt 0:00:23]} 78. Rc6 {[%emt 0:00:52]} Ra3 {[%emt 0:01:24]} 79. Rxb6 {[%emt 0:00:20]} Rxa4 {[%emt 0:00:01]} 80. Rb5+ {[%emt 0:00:08]} Kg6 {[%emt 0:00:06]} 81. Rc5 {[%emt 0:00:26]} Kh6 {[%emt 0:00:44]} 82. c4 {[%emt 0:00:32]} Rb4 {[%emt 0:00:06]} 83. Rxa5 {[%emt 0:01:24]} 1/2-1/2

[Event "8th RTU Open 2018"]
[Site "Riga"]
[Date "2018.08.09"]
[Round "5"]
[White "Severina, Maria"]
[Black "Krupenski, Juri"]
[Result "0-1"]
[WhiteElo "2242"]
[BlackElo "2390"]
[Annotator "NA"]
[PlyCount "120"]
[EventDate "2018.08.06"]
[EventType "swiss"]
[EventCountry "LAT"]
[SourceTitle "playchess.com"]
[Source "ChessBase"]
[SourceQuality "1"]
[TimeControl "5400+30"]

1. d4 {[%emt 0:01:25]} Nf6 {[%emt 0:00:00]} 2. c4 {[%emt 0:00:04]} e6 {[%emt 0:00:21]} 3. Nf3 {[%emt 0:00:04]} b6 {[%emt 0:01:32]} 4. g3 {[%emt 0:00:12]} Bb7 {[%emt 0:00:20]} 5. Bg2 {[%emt 0:00:09]} g6 {[%emt 0:00:47]} 6. Nc3 {[%emt 0:18:51]} Ne4 {[%emt 0:21:22]} 7. Bd2 {[%emt 0:14:22]} Bg7 {[%emt 0:01:44]} 8. Rc1 {[%emt 0:01:31]} c5 {[%emt 0:07:25]} 9. dxc5 {[%emt 0:19:26]} bxc5 {[%emt 0:11:01]} 10. Nxe4 {[%emt 0:22:30]} Bxe4 {[%emt 0:00:06]} 11. Bc3 {[%emt 0:00:08]} f6 {[%emt 0:02:51]} 12. O-O $14 {[%emt 0:03:13]} O-O 13. Qd6 {[%emt 0:03:37]} Qb6 {[%emt 0:05:53]} 14. Rfd1 Qxd6 15. Rxd6 {[%emt 0:00:23]} Rc8 {[%emt 0:02:15]} 16. Nd2 {[%emt 0:07:19]} Bxg2 {[%emt 0:01:36]} 17. Kxg2 {[%emt 0:00:01]} f5 {[%emt 0:09:22]} 18. Bxg7 {[%emt 0:06:30]} Kxg7 {[%emt 0:00:20]} 19. e4 {[%emt 0:00:42]} Kf6 {[%emt 0:03:34]} 20. f4 {[%emt 0:02:14]} Ke7 {[%emt 0:00:50]} 21. e5 {[%emt 0:00:50]} Nc6 {[%emt 0:08:19]} 22. Rd1 {[%emt 0:04:04]} Rc7 {[%emt 0:01:20]} 23. Nb1 {[%emt 0:00:46]} Rb8 {[%emt 0:04:22]} 24. b3 {[%emt 0:00:24]} Rb6 {[%emt 0:01:09]} 25. R6d2 {[%emt 0:02:31]} Nd4 {[%emt 0:07:02]} 26. Nc3 {[%emt 0:00:23]} Ra6 {[%emt 0:00:30]} 27. Na4 {[%emt 0:00:42]} d6 {[%emt 0:00:34]} 28. exd6+ {[%emt 0:05:13]} Kxd6 {[%emt 0:00:04]} 29. Re1 {[%emt 0:01:18]} g5 {[%emt 0:03:06]} 30. Re5 {[%emt 0:01:14]} gxf4 {[%emt 0:00:05]} 31. gxf4 {[%emt 0:01:38]} Rg7+ {[%emt 0:00:05]} 32. Kf2 {[%emt 0:01:48]} Rg4 {[%emt 0:00:24]} 33. Ke3 {[%emt 0:00:11]} Rxa4 {[%emt 0:01:54]} 34. bxa4 {[%emt 0:00:13]} Rh4 {[%emt 0:00:04]} 35. Rg2 {[%emt 0:01:28]} Rh3+ {[%emt 0:00:30]} 36. Kf2 {[%emt 0:00:30]} Rf3+ {[%emt 0:02:21]} 37. Ke1 {[%emt 0:00:44]} Rxf4 {[%emt 0:00:04]} 38. Re3 {[%emt 0:00:05]} Rh4 {[%emt 0:01:50]} 39. a5 {[%emt 0:01:25]} e5 {[%emt 0:00:14]} 40. Reg3 {[%emt 0:00:07]} e4 {[%emt 0:00:31]} 41. Rg7 {[%emt 0:00:53]} e3 {[%emt 0:00:45]} 42. Rxa7 {[%emt 0:00:37]} f4 {[%emt 0:00:27]} 43. a6 {[%emt 0:00:34]} f3 {[%emt 0:00:17]} 44. Rb2 {[%emt 0:00:16]} f2+ {[%emt 0:00:32]} 45. Kf1 {[%emt 0:00:22]} Rxh2 {[%emt 0:00:15]} 46. Rf7 {[%emt 0:00:34]} Nc6 {[%emt 0:01:36]} 47. Rf3 {[%emt 0:00:48]} Rh1+ {[%emt 0:00:22]} 48. Ke2 {[%emt 0:00:23]} Re1+ {[%emt 0:00:14]} 49. Kd3 {[%emt 0:00:01]} Ne5+ {[%emt 0:00:15]} 50. Kc3 {[%emt 0:01:03]} Nxf3 {[%emt 0:00:27]} 51. a7 {[%emt 0:00:07]} f1=Q {[%emt 0:00:10]} 52. a8=Q {[%emt 0:00:23]} Rc1+ {[%emt 0:00:06]} 53. Kb3 {[%emt 0:00:22]} Qxc4+ {[%emt 0:00:22]} 54. Ka3 {[%emt 0:00:04]} Rc3+ {[%emt 0:00:07]} 55. Rb3 {[%emt 0:00:09]} Qb4+ {[%emt 0:00:53]} 56. Kb2 {[%emt 0:00:02]} Rxb3+ {[%emt 0:00:29]} 57. axb3 {[%emt 0:00:05]} Nd4 {[%emt 0:00:40]} 58. Qd8+ {[%emt 0:01:45]} Ke5 {[%emt 0:00:08]} 59. Qc7+ {[%emt 0:00:47]} Ke4 {[%emt 0:01:22]} 60. Qe7+ {[%emt 0:00:09]} Kf3 {[%emt 0:00:24]} 0-1

[Event "8th RTU Open 2018"]
[Site "Riga"]
[Date "2018.08.09"]
[Round "5"]
[White "Mierins, Eriks"]
[Black "Haria, Ravi"]
[Result "1/2-1/2"]
[WhiteElo "2235"]
[BlackElo "2449"]
[Annotator "NA"]
[PlyCount "107"]
[EventDate "2018.08.06"]
[EventType "swiss"]
[EventCountry "LAT"]
[SourceTitle "playchess.com"]
[Source "ChessBase"]
[SourceQuality "1"]
[TimeControl "5400+30"]

1. e4 {[%emt 0:04:43]} e6 {[%emt 0:00:00]} 2. d4 {[%emt 0:00:38]} d5 {[%emt 0:00:00]} 3. Nd2 {[%emt 0:00:08]} Nc6 {[%emt 0:00:00]} 4. Ngf3 {[%emt 0:00:26]} Nf6 {[%emt 0:00:07]} 5. e5 {[%emt 0:00:24]} Nd7 {[%emt 0:00:04]} 6. Be2 {[%emt 0:00:21]} f6 {[%emt 0:02:45]} 7. exf6 {[%emt 0:08:24]} Qxf6 {[%emt 0:00:06]} 8. Nf1 {[%emt 0:01:39]} Bd6 {[%emt 0:06:04]} 9. Bg5 {[%emt 0:00:54] C04: French Tarrasch: 3...Nc6} (9. Ne3 O-O 10. O-O Qf7 11. c4 Nf6 12. c5 Bf4 13. Nc2 Ne4 14. Bxf4 Qxf4 15. Nce1 Qf6 16. Bb5 Bd7 17. Nd3 Qh6 18. Qc1 {1-0 (49) Yu,S (2469)-Mu,K (2460) Hangzhou 2018}) 9... Qf7 {[%emt 0:01:14]} 10. Ne3 {[%emt 0:01:38]} O-O {[%emt 0:07:23]} 11. Bh4 {[%emt 0:03:58] LiveBook: 4 Games} Nf6 {[%emt 0:09:35]} 12. Bg3 $146 {[%emt 0:02:20]} ({Predecessor:} 12. O-O Bd7 13. a3 Bf4 14. Bg3 g5 15. Ne5 Qg7 16. Nxd7 Nxd7 {0-1 (46) Cvijic,N (2148)-Pandurevic,M (2271) Banja Vrucica 2014}) 12... Ne4 {[%emt 0:02:05]} 13. Bxd6 {[%emt 0:00:08]} cxd6 {[%emt 0:05:37]} 14. O-O {[%emt 0:02:05]} Ne7 {[%emt 0:09:41]} 15. c3 {[%emt 0:02:21]} Ng6 {[%emt 0:00:57]} 16. Nd2 {[%emt 0:03:02]} Nf6 {[%emt 0:06:05]} 17. f4 {[%emt 0:04:28]} Ne7 {[%emt 0:05:36]} 18. Bd3 {[%emt 0:06:17]} g6 {[%emt 0:02:38]} 19. Ng4 {[%emt 0:01:08]} (19. Qe2 $14) 19... Nxg4 {[%emt 0:00:24]} 20. Qxg4 {[%emt 0:00:08]} Bd7 {[%emt 0:07:17]} 21. Rae1 {[%emt 0:08:23]} Rac8 $16 {[%emt 0:04:51]} 22. Qh3 {[%emt 0:07:04]} Qg7 {[%emt 0:01:59]} 23. Qe3 {[%emt 0:01:23]} Nf5 {[%emt 0:01:48]} 24. Bxf5 {[%emt 0:02:53]} Rxf5 {[%emt 0:01:10]} 25. Nf3 {[%emt 0:00:39]} Rcf8 {[%emt 0:01:41]} 26. g3 {[%emt 0:05:58]} h6 {[%emt 0:01:35]} 27. h4 {[%emt 0:00:55]} R5f7 {[%emt 0:06:11]} 28. Kg2 {[%emt 0:00:51]} Qf6 {[%emt 0:01:15]} 29. Qd2 {[%emt 0:12:44]} Qf5 {[%emt 0:01:54]} 30. Nh2 {[%emt 0:03:13]} b5 {[%emt 0:03:26]} 31. a3 {[%emt 0:00:10]} a5 {[%emt 0:00:20]} 32. b4 {[%emt 0:00:38]} Ra8 {[%emt 0:01:41]} 33. Qe2 {[%emt 0:06:23]} Bc8 {[%emt 0:02:29]} 34. g4 {[%emt 0:00:44]} Qe4+ {[%emt 0:01:53]} 35. Qxe4 {[%emt 0:03:08]} dxe4 {[%emt 0:00:01]} 36. Kg3 {[%emt 0:00:13]} Bb7 {[%emt 0:00:13]} 37. Re3 {[%emt 0:03:27]} axb4 {[%emt 0:00:11]} 38. axb4 {[%emt 0:00:10]} Rc7 {[%emt 0:00:08]} 39. h5 {[%emt 0:00:55]} gxh5 {[%emt 0:00:21]} 40. gxh5 {[%emt 0:00:16]} Rac8 {[%emt 0:00:29]} 41. Ng4 {[%emt 0:00:53]} Rxc3 {[%emt 0:04:45]} 42. Nxh6+ {[%emt 0:00:07]} Kg7 {[%emt 0:02:46]} 43. Ng4 {[%emt 0:00:06]} Rxe3+ {[%emt 0:01:57]} 44. Nxe3 {[%emt 0:00:03]} Rc3 {[%emt 0:00:08]} 45. Kf2 {[%emt 0:00:56]} Rd3 {[%emt 0:00:53]} 46. Rc1 {[%emt 0:02:36]} Bd5 {[%emt 0:00:22]} 47. Nxd5 {[%emt 0:02:25]} exd5 {[%emt 0:00:01]} 48. Rc6 {[%emt 0:00:04]} Rxd4 {[%emt 0:01:13]} 49. Rxd6 {[%emt 0:00:02]} Rd2+ {[%emt 0:00:09]} 50. Ke1 {[%emt 0:01:40]} Rd3 {[%emt 0:00:11]} 51. f5 {[%emt 0:00:08]} d4 {[%emt 0:00:44]} 52. Ke2 {[%emt 0:00:37]} Re3+ {[%emt 0:00:30]} 53. Kd2 {[%emt 0:00:05]} Rd3+ {[%emt 0:00:03]} 54. Ke2 {[%emt 0:00:44]} 1/2-1/2

[Event "8th RTU Open 2018"]
[Site "Riga"]
[Date "2018.08.09"]
[Round "5"]
[White "Gorodetzky, Matan"]
[Black "Cruz Lledo, Pablo"]
[Result "1/2-1/2"]
[WhiteElo "2231"]
[BlackElo "2432"]
[Annotator "NA"]
[PlyCount "101"]
[EventDate "2018.08.06"]
[EventType "swiss"]
[EventCountry "LAT"]
[SourceTitle "playchess.com"]
[Source "ChessBase"]
[SourceQuality "1"]
[TimeControl "5400+30"]

1. d4 {[%emt 0:00:04]} d5 {[%emt 0:00:00]} 2. Nf3 {[%emt 0:00:18]} e6 {[%emt 0:02:45]} 3. e3 {[%emt 0:00:10]} c5 {[%emt 0:00:45]} 4. dxc5 {[%emt 0:00:43]} Bxc5 {[%emt 0:03:00]} 5. c4 {[%emt 0:04:08]} Nf6 {[%emt 0:01:18]} 6. a3 {[%emt 0:01:48]} O-O {[%emt 0:00:42]} 7. Nc3 {[%emt 0:01:00]} a6 {[%emt 0:04:28]} 8. Be2 {[%emt 0:01:43]} Nc6 {[%emt 0:01:24]} 9. O-O {[%emt 0:01:06]} dxc4 {[%emt 0:10:47]} 10. Bxc4 {[%emt 0:02:27]} b5 {[%emt 0:00:38]} 11. Bd3 {[%emt 0:04:04] LiveBook: 7 Games} Bb7 {[%emt 0:03:46]} 12. Qe2 {[%emt 0:05:19]} Rc8 {[%emt 0:05:13]} 13. Bd2 {[%emt 0:27:22]} Qe7 {[%emt 0:05:59]} 14. Rac1 {[%emt 0:02:29]} Bd6 {[%emt 0:12:09]} 15. a4 {[%emt 0:10:47]} b4 {[%emt 0:02:37]} 16. Ne4 $15 {[%emt 0:00:57]} Nxe4 {[%emt 0:00:42]} 17. Bxe4 {[%emt 0:00:02]} Ne5 {[%emt 0:01:52]} 18. Bxb7 {[%emt 0:07:26]} Qxb7 {[%emt 0:00:09]} 19. Nd4 {[%emt 0:04:10]} Rxc1 {[%emt 0:00:40]} 20. Rxc1 {[%emt 0:02:19]} Rc8 {[%emt 0:00:05]} 21. Rxc8+ {[%emt 0:06:34]} Qxc8 {[%emt 0:00:11]} 22. b3 {[%emt 0:00:02]} Bc5 {[%emt 0:05:22]} 23. Nc2 {[%emt 0:02:27]} Qb7 {[%emt 0:01:37]} 24. Ne1 {[%emt 0:03:14]} Qd5 {[%emt 0:07:48]} 25. f4 {[%emt 0:01:11]} Ng6 {[%emt 0:03:16]} 26. Nd3 {[%emt 0:01:04]} a5 {[%emt 0:00:54]} 27. Nxc5 {[%emt 0:02:00]} Qxc5 {[%emt 0:00:02]} 28. Qd3 {[%emt 0:01:05]} f5 {[%emt 0:03:19]} 29. g3 {[%emt 0:00:58]} Kf7 {[%emt 0:00:56]} 30. Kf2 {[%emt 0:00:43]} Ne7 {[%emt 0:00:13]} 31. Kf3 {[%emt 0:05:45]} Nd5 {[%emt 0:02:16]} 32. Ke2 {[%emt 0:01:07]} Nf6 {[%emt 0:04:16]} 33. Qb5 {[%emt 0:01:22]} Qd5 {[%emt 0:02:05]} 34. Qxd5 {[%emt 0:00:06]} exd5 {[%emt 0:00:01]} 35. Kd3 {[%emt 0:00:21]} Ke6 {[%emt 0:02:29]} 36. Bc1 {[%emt 0:00:09]} Ne4 {[%emt 0:08:18]} 37. Bb2 {[%emt 0:00:06]} Nc5+ {[%emt 0:00:14]} 38. Kc2 {[%emt 0:00:01]} g6 {[%emt 0:00:12]} 39. Bd4 {[%emt 0:00:04]} Nd7 {[%emt 0:00:20]} 40. Kd3 {[%emt 0:00:56]} Kd6 {[%emt 0:00:06]} 41. Kc2 {[%emt 0:00:12]} Kc6 {[%emt 0:01:02]} 42. Kd2 {[%emt 0:00:01]} Nf8 {[%emt 0:01:36]} 43. Kc2 {[%emt 0:01:03]} Ne6 {[%emt 0:00:12]} 44. h4 {[%emt 0:01:01]} Nc5 {[%emt 0:01:35]} 45. Bxc5 {[%emt 0:00:21]} Kxc5 {[%emt 0:00:02]} 46. Kd3 {[%emt 0:00:19]} h6 {[%emt 0:00:23]} 47. Kd2 {[%emt 0:00:08]} d4 {[%emt 0:01:08]} 48. Kd3 {[%emt 0:00:07]} dxe3 {[%emt 0:00:29]} 49. Kxe3 {[%emt 0:00:01]} Kd5 {[%emt 0:00:29]} 50. Kd3 {[%emt 0:00:05]} Kc5 {[%emt 0:00:13]} 51. Ke3 {[%emt 0:00:02]} 1/2-1/2

[Event "8th RTU Open 2018"]
[Site "Riga"]
[Date "2018.08.09"]
[Round "5"]
[White "Valner, Uku"]
[Black "Gorbatov, Alexej"]
[Result "1/2-1/2"]
[WhiteElo "2227"]
[BlackElo "2389"]
[Annotator "NA"]
[PlyCount "136"]
[EventDate "2018.08.06"]
[EventType "swiss"]
[EventCountry "LAT"]
[SourceTitle "playchess.com"]
[Source "ChessBase"]
[SourceQuality "1"]
[TimeControl "5400+30"]

1. e4 d5 2. exd5 Qxd5 3. Nc3 Qd8 4. d4 Nf6 5. Bd3 c6 6. Nge2 Bg4 7. Bg5 e6 8. Qd2 Bxe2 9. Nxe2 Nbd7 10. O-O-O Be7 11. f4 Qc7 12. Rhe1 O-O-O 13. Ng3 $11 h6 14. Bh4 Rhe8 15. Kb1 Kb8 16. Qe2 Nd5 17. Bxe7 Rxe7 18. f5 exf5 19. Qd2 Rxe1 20. Rxe1 g6 21. Qxh6 N7f6 22. c3 a6 23. Bc4 Ka7 24. Qg5 Rh8 25. Bxd5 Nxd5 26. Nf1 Rh5 27. Qd2 Nf6 28. Qe2 Nd5 29. Qd2 f4 30. c4 Nf6 31. Qd3 Qd6 32. Qc3 Rh8 33. a3 Rd8 34. Rd1 Ne4 35. Qc2 f5 36. Qb3 b5 37. cxb5 cxb5 38. Ka1 Qd5 39. Qf3 Qd6 40. Qb3 Rc8 41. g3 Rc4 42. gxf4 Qxf4 43. Qe3 Qxe3 44. Nxe3 Rc6 45. h4 Rd6 46. Ng2 Nf6 47. Nf4 Nd5 48. Nxd5 Rxd5 49. Kb1 Rd7 50. Kc2 Rh7 51. Rh1 Rh5 52. Rg1 Rxh4 53. Rxg6 Rxd4 54. Rf6 Rd5 55. Kc3 a5 56. b3 Kb7 57. a4 Kc7 58. axb5 Rxb5 59. Kc4 Rb4+ 60. Kc3 f4 61. Ra6 Re4 62. Rxa5 Kd6 63. Rf5 Ke6 64. Rf8 Re3+ 65. Kd4 Rxb3 66. Rxf4 Rb4+ 67. Ke3 Rxf4 68. Kxf4 Kd5 1/2-1/2

[Event "8th RTU Open 2018"]
[Site "Riga"]
[Date "2018.08.09"]
[Round "5"]
[White "Manafov, Vugar Gulam"]
[Black "Repka, Christopher"]
[Result "1/2-1/2"]
[WhiteElo "2215"]
[BlackElo "2528"]
[Annotator "TA"]
[PlyCount "47"]
[EventDate "2018.08.06"]
[EventType "swiss"]
[EventCountry "LAT"]
[SourceTitle "playchess.com"]
[Source "ChessBase"]
[SourceQuality "1"]

{[%evp 15,47,6,0,-5,-5,0,19,-10,23,23,51,51,64,62,49,62,63,57,51,51,63,35,35,33,37,48,49,32,37,0,41,43,50,0]} 1. Nf3 e6 2. g3 b5 3. Bg2 Bb7 4. a4 (4. O-O Nf6 5. a4 b4 6. d3 a5 7. e4 Be7 8. Nbd2 O-O 9. Re1 d6 10. Nc4 Nbd7 11. b3 d5 12. exd5 Nxd5 13. Bb2 Bf6 14. Nfe5 Nxe5 15. Nxe5 {½-½ (48) Santos Latasa,J (2576)-Vallejo Pons,F (2707) Leon 2018}) 4... b4 5. c4 c5 6. O-O {A04: Holländisches System ohne Übergang in andere Systeme} Nf6 7. b3 Be7 8. Bb2 O-O {LiveBook: 4 Partien} 9. d3 d6 10. Nbd2 Nfd7 $146 ({Vorgänger:} 10... Nbd7 11. e4 Qc7 12. Qe2 {1-0 (41) Elgabry,M (2360)-Abou El Zein,E (2237) Cairo 2013}) 11. Qc2 Bf6 12. d4 cxd4 13. Ng5 {[%csl Gg5][%cal Rc2h7] [#]} d3 $1 {[%cal Rd3c2]} 14. Qxd3 {[%csl Gg5][%cal Rd3h7]} Bxg5 15. Bxb7 Nc5 $1 {[%cal Rc5d3]} 16. Qf3 $1 ({Schwächer ist} 16. Qd4 Bf6 $17) 16... Nxb7 17. Qxb7 {[#] Droht stark f4.} Qb6 18. Qxa8 {Und weiter mit c5 wäre nett.} (18. Qxb6 {is interesting.} axb6 19. Nf3 Be7 20. Bd4 Nd7 21. Rfc1) 18... Nc6 $1 19. Qxf8+ Kxf8 20. Nf3 Be7 21. Rfd1 Na5 22. Rd3 (22. Bd4 $5 {[%cal Rd4b6]} Qb7 23. Rab1 $14) 22... Qc6 23. Bd4 a6 24. Nd2 {Precision: Weiß = 50%, Schwarz = 59%.} 1/2-1/2